[Event "Druzynowe Mistrzostw Polski Juniorow - II Liga"]
[Site "Wroclaw"]
[Date "1899-12-30"]
[Round "9.31"]
[White "Cichon, Bartlomiej"]
[Black "Wnek, Filip"]
[Result "1/2-1/2"]
[WhiteTitle "I"]
[BlackTitle "I++"]
[WhiteElo "1938"]
[BlackElo "2032"]

1. e4 c5 2. Nc3 d6 3. d4 cxd4 4. Qxd4 a6 5. b3 Nc6 6. Qd2 Nf6 7. Bb2 e6 8. O-O-O
b5 9. Bd3 Qa5 10. Kb1 Bb7 11. f4 Nd7 12. Nf3 Nc5 13. Rhe1 h6 14. g4 O-O-O 15.
h4 Rg8 16. g5 hxg5 17. hxg5 g6 18. f5 b4 19. Ne2 d5 20. exd5 Nxd3 21. dxc6 Bxc6
22. cxd3 Bxf3 23. Rc1+ Kb7 24. fxe6 fxe6 25. Nd4 Bd5 26. Nxe6 Bxe6 27. Rxe6 Qd5
28. Qe3 Bd6 29. Qe4 Qxe4 30. Rxe4 Rd7 31. Bf6 a5 32. d4 Ra8 33. Rc2 a4 34. bxa4
Rxa4 35. Re8 Ra6 36. Rg8 Bf4 37. Rf2 Be3 38. Rf3 Re6 39. Rxg6 Bxd4 40. Rg8 Bxf6
41. gxf6 Rd2 42. Rg7+ Kb6 43. Re7 Rxe7 44. fxe7 Re2 45. Rf7 Kb5 46. Rf5+ 1/2-1/2

[Event "Druzynowe Mistrzostw Polski Juniorow - II Liga"]
[Site "Wroclaw"]
[Date "1899-12-30"]
[Round "9.32"]
[White "Rainer, Piotr"]
[Black "Bajer, Tomasz"]
[Result "1-0"]
[WhiteTitle "I"]
[BlackTitle "II+"]
[WhiteElo "1709"]
[BlackElo "1369"]

1. e4 c5 2. Nf3 Nc6 3. d4 cxd4 4. Nxd4 g6 5. Nc3 Bg7 6. Be3 Nf6 7. Bc4 O-O 8. Bb3
d6 9. f3 Bd7 10. Qd2 Rc8 11. O-O-O Ne5 12. Kb1 Nc4 13. Bxc4 Rxc4 14. g4 Qc8 15.
h4 h5 16. gxh5 Nxh5 17. Rhg1 Kh7 18. Nce2 Qc7 19. f4 e5 20. Nf3 exf4 21. Nxf4
Rc8 22. c3 Rxc3 23. bxc3 Bxc3 24. Ng5+ Kg8 25. Qxd6 Qa5 26. Qd5 Qb4+ 27. Qb3 Ba4
28. Qxb4 Bxb4 29. Rc1 Bc6 30. Nxh5 gxh5 31. Bd4 Kf8 32. Bc5+ Bxc5 33. Rxc5 f6
34. Nh7+ Kf7 35. Rxh5 Bxe4+ 36. Ka1 Rc6 37. Rh6 Rb6 38. Rxf6+ Rxf6 39. Nxf6 Kxf6
40. h5 a6 41. h6 Bg6 42. Kb2 b5 43. Kc3 a5 44. Kd4 a4 45. Kc5 Bd3 46. Rg3 Bg6
47. Kxb5 Bc2 48. Rg7 Bd1 49. Rc7 1-0

[Event "Druzynowe Mistrzostw Polski Juniorow - II Liga"]
[Site "Wroclaw"]
[Date "1899-12-30"]
[Round "9.33"]
[White "Nowakowski, Maksymilian"]
[Black "Micula, Jakub"]
[Result "1-0"]
[WhiteTitle "II+"]
[BlackTitle "I"]
[WhiteElo "1363"]
[BlackElo "1623"]

1. c4 e5 2. Nc3 g6 3. d3 Bg7 4. Nf3 Nc6 5. g3 d6 6. Bg2 f5 7. O-O Nf6 8. Rb1 O-O
9. b4 h6 10. a4 g5 11. Qb3 Kh8 12. b5 Ne7 13. Ba3 f4 14. c5 Nf5 15. cxd6 cxd6
16. Ne4 g4 17. Nfd2 Nd4 18. Qd1 Nxe4 19. dxe4 f3 20. exf3 gxf3 21. Bxf3 Nxf3+
22. Nxf3 Bg4 23. Rb3 Qf6 24. Kg2 Qe6 25. Re1 Rf6 26. Ree3 Qf7 27. Rbd3 Rd8 28.
Qb3 Be6 29. Qc2 Qh5 30. h4 Qg4 31. Rxd6 Qh3+ 32. Kg1 Rc8 33. Qd2 Rg6 34. Nh2 Rc4
35. a5 Kh7 36. Qe2 Ra4 37. a6 b6 38. Qc2 Rc4 39. Rc3 Rd4 40. Rc7 Kg8 41. Rxa7
Rc4 42. Qd3 Rc8 43. Rb7 Bc4 44. Rxg6 1-0

[Event "Druzynowe Mistrzostw Polski Juniorow - II Liga"]
[Site "Wroclaw"]
[Date "1899-12-30"]
[Round "9.34"]
[White "Kozak, Karol"]
[Black "Pawlowski, Kamil"]
[Result "1/2-1/2"]
[WhiteTitle "I"]
[BlackTitle "II"]
[WhiteElo "1490"]
[BlackElo "1257"]

1. e4 d6 2. d4 Nf6 3. Nc3 e5 4. dxe5 dxe5 5. Qxd8+ Kxd8 6. Bg5 Be7 7. O-O-O Bd6
8. Nd5 Nbd7 9. Nf3 b6 10. Bb5 Bb7 11. Bxd7 Kxd7 12. Bxf6 gxf6 13. Nxf6+ Ke6 14.
Nd5 f6 15. Nh4 Rhg8 16. g3 Bxd5 17. exd5+ Kd7 18. Nf5 Rg5 19. Nxd6 cxd6 20. Kd2
Rc8 21. c3 Rc5 22. Ke3 Ke7 23. Rd3 Ra5 24. Ra1 Rc5 25. b3 Rg8 26. a4 f5 27. c4
a6 28. f3 Kf6 29. Ra2 Rg7 30. Ra1 Rg8 31. Ra3 Rg6 32. Ra2 Rg7 33. Ra1 Rg8 34.
Ke4 1/2-1/2

[Event "Druzynowe Mistrzostw Polski Juniorow - II Liga"]
[Site "Wroclaw"]
[Date "1899-12-30"]
[Round "9.35"]
[White "Gornisiewicz, Natalia"]
[Black "Gaczol, Julia"]
[Result "0-1"]
[WhiteTitle "I++"]
[BlackTitle "I+"]
[WhiteElo "1425"]
[BlackElo "1490"]

1. e4 c5 2. g3 g6 3. Bg2 Bg7 4. Nf3 Nc6 5. O-O d6 6. c3 Nf6 7. d3 O-O 8. Be3 Qc7
9. Na3 a6 10. Rb1 b5 11. b4 cxb4 12. cxb4 Bb7 13. Qd2 Ng4 14. Rfc1 Nxe3 15. Qxe3
Qd7 16. Nc2 Rfc8 17. Ncd4 Nxd4 18. Nxd4 Rxc1+ 19. Rxc1 Rc8 20. Ne2 Rxc1+ 21. Qxc1
d5 22. exd5 Bxd5 23. Bxd5 Qxd5 24. Qb1 Qe5 25. Nf4 e6 26. Ng2 Qc3 27. Qb3 Qc1+
28. Ne1 Qxe1+ 29. Kg2 Bf8 30. a3 Qc1 31. h3 Bg7 32. a4 Qc6+ 33. Kh2 bxa4 34. Qa3
Qb5 0-1

[Event "Druzynowe Mistrzostw Polski Juniorow - II Liga"]
[Site "Wroclaw"]
[Date "1899-12-30"]
[Round "9.36"]
[White "Nowak, Emilia"]
[Black "Gornisiewicz, Gabriela"]
[Result "0-1"]
[WhiteTitle "I"]
[BlackTitle "II+"]
[WhiteElo "1279"]
[BlackElo "1217"]

1. e4 e6 2. d4 d5 3. exd5 exd5 4. Nf3 Nf6 5. Bg5 Be7 6. Bd3 O-O 7. O-O c6 8. Nbd2
Bg4 9. c3 Nbd7 10. Re1 Re8 11. Qc2 h6 12. Bf4 Nh5 13. Be3 Bd6 14. h3 Be6 15. Nf1
Qf6 16. Re2 Bxh3 17. Rae1 Be6 18. Bd2 Rf8 19. Ne5 c5 20. Nxd7 Bxd7 21. dxc5 Bxc5
22. Be3 Bd6 23. Bd4 Qg5 24. Be5 Bh3 25. g3 Bc5 26. b4 Bb6 27. Bd6 Rfc8 28. Re5
f5 29. Bxf5 Bxf5 30. Rxf5 Qg4 31. Nh2 Qh3 32. Rxd5 Nf6 33. Rde5 Qxg3+ 34. Kh1
Qxf2 35. Qg6 Qd2 36. R1e2 Qxd6 0-1

[Event "Druzynowe Mistrzostw Polski Juniorow - II Liga"]
[Site "Wroclaw"]
[Date "1899-12-30"]
[Round "9.37"]
[White "Madajczak, Piotr"]
[Black "Czechowski, Jakub"]
[Result "0-1"]
[WhiteTitle "I+"]
[BlackTitle "I++"]
[WhiteElo "1925"]
[BlackElo "2003"]

1. c4 e5 2. Nc3 Nf6 3. g3 Bb4 4. e4 Nc6 5. Nge2 d6 6. Bg2 O-O 7. O-O Be6 8. d3
Bxc3 9. bxc3 Nd7 10. Rb1 Rb8 11. Be3 f5 12. f4 fxe4 13. Bxe4 Nf6 14. Bxc6 bxc6
15. f5 Bd7 16. h3 c5 17. g4 Bc6 18. Ng3 h6 19. Qe2 Rxb1 20. Rxb1 Nh7 21. Ne4 Bxe4
22. dxe4 Qa8 23. Bd2 Rb8 24. Rxb8+ Qxb8 25. Qd3 Qb7 26. Qd5+ Qxd5 27. exd5 Nf6
28. Kg2 Nd7 29. Kf3 Nb6 30. Ke4 Nxc4 31. Bc1 Nb6 32. h4 c4 33. g5 hxg5 34. hxg5
Kf7 35. Be3 Na4 36. Bd2 g6 37. f6 Ke8 38. Be1 a6 39. Bd2 Kd7 40. Be1 c6 41. dxc6+
Kxc6 42. Bd2 Nc5+ 43. Kf3 Kd7 44. Be3 Na4 45. Bd2 Ke6 46. Ke2 d5 47. Ke3 Nc5 48.
Bc1 Ne4 49. Kf3 Nxc3 50. a3 Nb5 51. Ke2 Nd6 52. Kd2 d4 0-1

[Event "Druzynowe Mistrzostw Polski Juniorow - II Liga"]
[Site "Wroclaw"]
[Date "1899-12-30"]
[Round "9.38"]
[White "Majdanski, Maksymilian"]
[Black "Demski, Michal"]
[Result "1/2-1/2"]
[WhiteTitle "I++"]
[BlackTitle "I+"]
[WhiteElo "1886"]
[BlackElo "1737"]

1. Nf3 Nf6 2. d4 d5 3. c4 c6 4. e3 e6 5. Nc3 Nbd7 6. Bd3 Bd6 7. O-O O-O 8. b3 Re8
9. Qc2 h6 10. Bb2 Qe7 11. e4 dxe4 12. Nxe4 Nxe4 13. Bxe4 Nf6 14. c5 Bc7 15. b4
Nd5 16. a3 Bd7 17. Rfe1 Qf6 18. g3 a5 19. Qc4 Ra7 20. Kg2 Rea8 21. Bc2 g6 22.
h4 axb4 23. axb4 Rxa1 24. Rxa1 Rxa1 25. Bxa1 Bxg3 26. Qa2 Bxh4 27. Qa8+ Qd8 28.
Qxb7 Bc8 29. Qa7 Nxb4 30. Be4 Nd5 31. Ne5 Qg5+ 32. Kh1 Qc1+ 33. Kg2 Qg5+ 34. Kh1
Qc1+ 35. Kg2 Qg5+ 36. Kh1 Qf4 1/2-1/2

[Event "Druzynowe Mistrzostw Polski Juniorow - II Liga"]
[Site "Wroclaw"]
[Date "1899-12-30"]
[Round "9.39"]
[White "Grobelny, Mikolaj"]
[Black "Ziobrowski, Wojciech"]
[Result "1-0"]
[WhiteTitle "I"]
[BlackTitle "II"]
[WhiteElo "1504"]
[BlackElo "1145"]

1. e4 c5 2. Nf3 d6 3. d4 cxd4 4. Nxd4 Nf6 5. Nc3 a6 6. Bc4 b5 7. Bb3 e5 8. Nf3
Bb7 9. Ng5 d5 10. Nxd5 Nxd5 11. Bxd5 Bxd5 12. Qxd5 Qxd5 13. exd5 h6 14. Ne4 Nd7
15. f4 Rd8 16. O-O f5 17. Ng3 Bc5+ 18. Kh1 Rf8 19. fxe5 Nb6 20. Nxf5 Rf7 21. e6
Rc7 22. Bf4 Rcc8 23. d6 Nd7 24. e7 1-0

[Event "Druzynowe Mistrzostw Polski Juniorow - II Liga"]
[Site "Wroclaw"]
[Date "1899-12-30"]
[Round "9.40"]
[White "Kowalski, Aleksander"]
[Black "Stogiera, Aleksander"]
[Result "1/2-1/2"]
[WhiteTitle "II"]
[BlackTitle "II"]
[WhiteElo "1073"]
[BlackElo "1092"]

1. e4 c5 2. Nf3 d6 3. d4 cxd4 4. Nxd4 Nf6 5. Nc3 a6 6. Be2 e5 7. Nb3 Be6 8. O-O
Be7 9. f4 Qb6+ 10. Kh1 Nbd7 11. f5 Bxb3 12. axb3 Rc8 13. Rf3 Qa7 14. Rg3 O-O 15.
Bh6 Rxc3 16. Rxg7+ Kh8 17. bxc3 Nxe4 18. Qf1 Nf2+ 19. Kg1 Nh3+ 20. Kh1 Nf2+ 21.
Kg1 Nh3+ 22. Kh1 Nf2+ 1/2-1/2

[Event "Druzynowe Mistrzostw Polski Juniorow - II Liga"]
[Site "Wroclaw"]
[Date "1899-12-30"]
[Round "9.41"]
[White "Jedrzejko, Martyna"]
[Black "Pietryk, Joanna"]
[Result "1-0"]
[WhiteTitle "I+"]
[BlackTitle "I"]
[WhiteElo "1533"]
[BlackElo "1417"]

1. e4 c6 2. d4 d5 3. Nc3 dxe4 4. Nxe4 Bf5 5. Ng3 Bg6 6. h4 h6 7. Nf3 Nd7 8. h5
Bh7 9. Bd3 Bxd3 10. Qxd3 e6 11. Bd2 Ngf6 12. O-O-O Be7 13. Kb1 O-O 14. Ne4 Nxe4
15. Qxe4 Nf6 16. Qe2 Qd5 17. Ne5 Bd6 18. Bf4 Qe4 19. Qd2 Qf5 20. Nd3 Bxf4 21.
Qxf4 Qxf4 22. Nxf4 Ne4 23. Nd3 Rad8 24. f3 Ng3 25. Rh3 Nf5 26. c3 Rd6 27. g4 Ne3
28. Re1 Nc4 29. Kc2 b6 30. Rh2 Rfd8 31. Ne5 Nxe5 32. Rxe5 f6 33. Re3 Kf7 34. Rhe2
R8d7 35. Re4 Rc7 36. b3 c5 37. dxc5 Rxc5 38. Rd2 Rxd2+ 39. Kxd2 f5 40. Rd4 Rc7
41. Kd3 Kf6 42. c4 fxg4 43. fxg4 Kg5 44. Re4 Rd7+ 45. Kc3 Rd6 46. b4 Rc6 47. Kd4
Kf6 48. a3 a6 49. c5 bxc5+ 50. bxc5 Ke7 51. Kc4 Kd7 52. Rd4+ Kc7 53. Rf4 Kd8 54.
Rf8+ Ke7 55. Rb8 Rc7 56. Ra8 Rc6 57. Ra7+ Kf6 58. Rb7 Kg5 59. Rxg7+ Kf4 60. Rg6
Kf3 61. g5 hxg5 62. Rxg5 Kf4 63. Rg8 e5 64. Rg6 Rc7 65. h6 e4 66. Rg7 Rc6 67.
h7 Rh6 68. Rf7+ Ke5 69. Re7+ Kf4 70. Kd4 e3 71. Rf7+ Kg5 72. Kxe3 Kg6 73. Ra7
Rh3+ 74. Kd4 Rh4+ 75. Kd5 Rh5+ 76. Kd6 Rh6 77. c6 Kf5+ 78. Kc5 1-0

[Event "Druzynowe Mistrzostw Polski Juniorow - II Liga"]
[Site "Wroclaw"]
[Date "1899-12-30"]
[Round "9.42"]
[White "Mataczyna, Aleksandra"]
[Black "Rzadkowska, Kaja"]
[Result "0-1"]
[WhiteTitle "II+"]
[BlackTitle "I"]
[WhiteElo "1117"]
[BlackElo "1216"]

1. e4 c5 2. Nf3 e6 3. d4 cxd4 4. Nxd4 Nc6 5. Nc3 Qc7 6. g3 a6 7. Bg2 b5 8. Nxc6
Qxc6 9. O-O Bb7 10. a3 Nf6 11. Kh1 b4 12. axb4 Bxb4 13. Qd3 Bxc3 14. bxc3 Nxe4
15. Bb2 d5 16. Rae1 O-O 17. c4 Rfe8 18. f3 Nc5 19. Qd4 f6 20. Qg4 Kh8 21. Ba3
Nd7 22. cxd5 Qxd5 23. Rd1 Ne5 24. Rxd5 Nxg4 25. Rd7 Bc6 26. Rc7 Ne5 27. Bd6 Rac8
28. Bxe5 fxe5 29. Rxc8 Rxc8 30. Re1 Bd5 31. Rxe5 Rxc2 32. h3 Kg8 33. Kg1 a5 34.
Re3 a4 35. Kh2 Ra2 36. g4 a3 37. Kg3 Ra1 38. Kf4 a2 39. Ra3 Rg1 0-1

[Event "Druzynowe Mistrzostw Polski Juniorow - II Liga"]
[Site "Wroclaw"]
[Date "1899-12-30"]
[Round "9.43"]
[White "Jaskiewicz, Kacper"]
[Black "Zarebska, Lena"]
[Result "1/2-1/2"]
[WhiteTitle "I"]
[BlackTitle "k"]
[WhiteElo "1756"]
[BlackElo "1805"]

1. e4 c5 2. Nf3 Nc6 3. d4 cxd4 4. Nxd4 g6 5. c4 Bg7 6. Be3 Nf6 7. Nc3 Ng4 8. Qxg4
Nxd4 9. Qd1 e5 10. Bd3 O-O 11. O-O d6 12. Nd5 Be6 13. Qa4 a6 14. Bxd4 exd4 15.
Rac1 b5 16. cxb5 Bxd5 17. exd5 axb5 18. Qxb5 Rxa2 19. Ra1 Rxa1 20. Rxa1 Qc7 21.
Qc6 Qb8 22. Qb5 Qxb5 23. Bxb5 Rb8 24. Bc4 Rxb2 25. Rd1 Rc2 26. Bd3 Rc5 27. Be4
f5 28. Bf3 Rc3 29. Be2 Be5 30. g3 g5 31. Bd3 f4 32. gxf4 gxf4 33. Kg2 Rc7 34.
Kf3 Rg7 35. Rb1 Ra7 36. Rg1+ Kf8 37. Rd1 1/2-1/2

[Event "Druzynowe Mistrzostw Polski Juniorow - II Liga"]
[Site "Wroclaw"]
[Date "1899-12-30"]
[Round "9.44"]
[White "Sloniewska, Alicja"]
[Black "Stepinski, Piotr"]
[Result "1-0"]
[WhiteTitle "I++"]
[BlackTitle "I"]
[WhiteElo "1735"]
[BlackElo "1568"]

1. d4 Nf6 2. c4 g6 3. Nc3 d5 4. cxd5 Nxd5 5. Bd2 Bg7 6. e4 Nxc3 7. Bxc3 O-O 8.
Be2 c5 9. d5 Bxc3+ 10. bxc3 Nd7 11. c4 f5 12. exf5 Qa5+ 13. Qd2 Qxd2+ 14. Kxd2
Rxf5 15. Nf3 Nb6 16. Kc3 Bd7 17. Bd3 Rf6 18. Rhe1 e6 19. dxe6 Bxe6 20. Ng5 Bf5
21. Bxf5 Rxf5 22. Ne4 Raf8 23. f3 g5 24. Rad1 h6 25. Rd6 Kg7 26. Ng3 Rf4 27. Nh5+
Kh7 28. Nxf4 Rxf4 29. Re7+ Kg8 30. Rd8+ Rf8 31. Rxf8+ Kxf8 32. Rxb7 1-0

[Event "Druzynowe Mistrzostw Polski Juniorow - II Liga"]
[Site "Wroclaw"]
[Date "1899-12-30"]
[Round "9.45"]
[White "Gawlik, Olivier"]
[Black "Sloniewski, Wojciech"]
[Result "1-0"]
[WhiteTitle "II+"]
[BlackTitle "II"]
[WhiteElo "1384"]
[BlackElo "1062"]

1. e4 c5 2. Nf3 e6 3. d4 cxd4 4. Nxd4 Nc6 5. Nc3 Qc7 6. g3 a6 7. Bg2 Be7 8. O-O
Nf6 9. Be3 O-O 10. Qe2 b5 11. e5 Qxe5 12. Nxc6 dxc6 13. Bxc6 Rb8 14. Ba7 Qc7 15.
Bxb8 Qxc6 16. Ba7 Bb7 17. f3 b4 18. Nd1 a5 19. Qg2 Ng4 20. Bd4 Rd8 21. c3 e5 22.
Bf2 bxc3 23. Nxc3 Rd2 24. Ne4 Rc2 25. fxg4 Qxe4 26. Qxe4 Bxe4 27. Rfe1 Bc6 28.
Rac1 Rxc1 29. Rxc1 Be8 30. Bc5 Kf8 31. Bxe7+ Kxe7 32. Rc5 a4 33. Rxe5+ Kf8 34.
Rxe8+ Kxe8 35. Kf2 Kd7 36. Ke3 Kc6 37. Ke4 Kc5 38. Ke5 Kc6 39. g5 Kc5 40. h4 Kc6
41. h5 Kd7 42. Kd5 Ke7 43. b4 axb3 44. axb3 f6 45. g6 hxg6 46. hxg6 Kd7 47. b4
1-0

[Event "Druzynowe Mistrzostw Polski Juniorow - II Liga"]
[Site "Wroclaw"]
[Date "1899-12-30"]
[Round "9.46"]
[White "Mieszczankowski, Adam"]
[Black "Haladaj, Adam"]
[Result "1/2-1/2"]
[WhiteTitle "II"]
[BlackTitle "II"]
[WhiteElo "1044"]
[BlackElo "1361"]

1. e4 c5 2. Nf3 Nc6 3. d4 cxd4 4. Nxd4 g6 5. Nc3 Bg7 6. Be3 Nf6 7. Bc4 O-O 8. O-O
Nxe4 9. Nxc6 Nxc3 10. Bxf7+ Rxf7 11. Nxd8 Nxd1 12. Nxf7 Nxe3 13. fxe3 h6 14. g4
d6 15. g5 h5 16. gxh6 Bf6 17. Nxd6 Bxb2 18. Rab1 exd6 19. Rxb2 Rb8 20. Rf6 Bf5
21. Rxd6 Kh7 22. Rd4 Kxh6 23. e4 Be6 24. e5 Kg5 25. c3 Kf5 26. Re2 Rc8 27. Re3
Bxa2 28. Ra4 Be6 29. Rxa7 Kf4 30. Rg3 Kxe5 31. Rxb7 Bf5 32. Re3+ Kf4 33. Kf2 Rh8
34. Rb4+ Kg5 35. Kg2 Ra8 36. Rb2 Ra4 37. h3 Rc4 38. Rb4 Rc5 39. Kf2 Ra5 40. Rg3+
Kf6 41. Rb6+ Ke5 42. Ke3 Rd5 43. Ke2 Ra5 44. Rb2 Rc5 45. Rb4 Ra5 46. Re3+ Kf6
47. Rf3 Ke5 48. Re3+ Kf6 49. Rf3 Ke5 1/2-1/2

[Event "Druzynowe Mistrzostw Polski Juniorow - II Liga"]
[Site "Wroclaw"]
[Date "1899-12-30"]
[Round "9.47"]
[White "Banasiak, Adrianna"]
[Black "Anyz, Monika"]
[Result "1-0"]
[WhiteTitle "I"]
[BlackTitle "I++"]
[WhiteElo "1447"]
[BlackElo "1792"]

1. e4 c5 2. Nf3 Nc6 3. Bb5 g6 4. O-O Bg7 5. Re1 Nf6 6. c3 O-O 7. d4 d5 8. e5 Ne4
9. Nbd2 Nxd2 10. Qxd2 cxd4 11. cxd4 Qb6 12. Bxc6 Qxc6 13. Qb4 Re8 14. Bf4 Qc4
15. Qxc4 dxc4 16. d5 Rd8 17. Rad1 Bg4 18. h3 Bxf3 19. gxf3 Rac8 20. Re2 f6 21.
e6 g5 22. Be3 a6 23. f4 Bh6 24. fxg5 Bxg5 25. Bb6 Re8 26. Rc2 c3 27. Rxc3 Bf4
28. Rb3 Bd6 29. a4 Rc4 30. Rd4 Rc1+ 31. Kg2 Rec8 32. Ba5 Kh8 33. Rxb7 Rg8+ 34.
Rg4 Rgc8 35. Bb4 f5 36. Bxd6 fxg4 37. Bxe7 gxh3+ 38. Kxh3 Rh1+ 39. Kg2 Rh6 40.
Bb4 Kg8 41. e7 Kf7 42. d6 Rg6+ 43. Kf1 Rc1+ 44. Ke2 Re6+ 45. Kd2 Rc6 46. d7 Rcd6+
47. Bxd6 Rxd6+ 48. Ke3 Kxe7 49. b4 h5 50. Kf3 Rf6+ 51. Kg2 h4 52. d8=Q+ Kxd8 53.
Rh7 Rf4 54. Rb7 h3+ 55. Kxh3 Rxf2 56. a5 Kc8 57. Rb6 Rf5 58. Kg4 Rd5 59. Kf4 Kc7
60. Ke4 Rd6 61. Rxd6 Kxd6 62. Kd4 Kc6 63. Kc4 Kb7 64. Kd5 Kc7 65. Kc5 Kb7 66.
Kd6 Kb8 67. Kc6 Ka7 68. Kc7 Ka8 69. Kb6 Kb8 70. Kxa6 Ka8 71. b5 Kb8 72. Kb6 1-0

[Event "Druzynowe Mistrzostw Polski Juniorow - II Liga"]
[Site "Wroclaw"]
[Date "1899-12-30"]
[Round "9.48"]
[White "Zapalowska, Wiktoria"]
[Black "Kruszewska, Malgorzata"]
[Result "1-0"]
[WhiteTitle "I"]
[BlackTitle "II"]
[WhiteElo "1528"]
[BlackElo "1012"]

1. e4 e5 2. Nf3 Nf6 3. Nxe5 d6 4. Nf3 Nxe4 5. Nc3 Nxc3 6. dxc3 Be7 7. Be3 Nc6 8.
Qd2 Bf5 9. O-O-O Qd7 10. h3 O-O-O 11. Bc4 Be6 12. Bd5 Bxd5 13. Qxd5 Qe6 14. Rhe1
Qxd5 15. Rxd5 Bf6 16. Bg5 Bxg5+ 17. Nxg5 Rdf8 18. Kd2 h6 19. Nf3 Re8 20. Rf5 f6
21. b3 Rxe1 22. Nxe1 Re8 23. g4 Kd7 24. Ng2 Re5 25. Rf4 Re8 26. Ne3 Ne7 27. Ra4
a6 28. f4 Rf8 29. f5 Re8 30. Rf4 Rf8 31. Rf3 Re8 32. Ng2 Nc6 33. Nf4 Ne5 34. Rg3
c6 35. h4 Rg8 36. Ke3 Re8 37. Kf2 Rg8 38. Nh5 Ke7 39. Ke3 Kf7 40. Nf4 Re8 41.
Kd4 b5 42. Ne6 Rg8 43. Nf4 Re8 44. a3 Rb8 45. Nd3 a5 46. g5 hxg5 47. hxg5 fxg5
48. Nxe5+ dxe5+ 49. Kxe5 b4 50. cxb4 axb4 51. a4 Re8+ 52. Kd4 Kf6 53. Re3 Rd8+
54. Ke4 Re8+ 55. Kf3 Rc8 56. Kg4 Kf7 57. Kxg5 Rd8 58. c3 c5 59. cxb4 cxb4 60.
Re4 Rb8 61. Rf4 Rb6 62. a5 Ra6 63. Rxb4 Rxa5 64. Rb7+ Kf8 65. Rb6 Kf7 66. b4 Re5
67. Kf4 Re7 68. b5 Re8 69. Rc6 Rb8 70. b6 Ke7 71. Kg5 Kd7 72. Re6 Kc8 73. Re8+
Kb7 74. Rxb8+ Kxb8 75. Kg6 Kb7 76. Kxg7 Kxb6 77. f6 Kb5 78. f7 Kb4 79. f8=Q+ Kb3
80. Qc5 Kb2 81. Kf6 Ka1 82. Qb5 Ka2 83. Ke5 Ka1 84. Kd4 Ka2 85. Ke4 1-0

[Event "Druzynowe Mistrzostw Polski Juniorow - II Liga"]
[Site "Wroclaw"]
[Date "1899-12-30"]
[Round "9.49"]
[White "Stypka, Sebastian"]
[Black "Borkowski, Stanislaw"]
[Result "1/2-1/2"]
[WhiteTitle "II"]
[BlackTitle "I"]
[WhiteElo "1373"]
[BlackElo "1734"]

1. e4 c5 2. Nf3 d6 3. d4 cxd4 4. Nxd4 Nf6 5. Nc3 a6 6. Nb3 g6 7. Be2 Bg7 8. O-O
O-O 9. Bg5 Nbd7 10. f4 Qc7 11. Bf3 Re8 12. Qe1 h6 13. Bh4 Nb6 14. Rb1 Be6 15.
Be2 Rac8 16. Bd3 Nfd7 17. Ne2 Nc5 18. Nxc5 dxc5 19. f5 Bxa2 20. Ra1 g5 21. Bg3
Be5 22. Rxa2 c4 23. Bxe5 Qxe5 24. Qc3 Qc5+ 25. Kh1 cxd3 26. cxd3 Qe3 27. Qe1 Qxd3
28. Nc3 Qc2 29. Rf2 Qb3 30. Ra1 f6 31. e5 Nc4 32. e6 Nxb2 33. Qe2 Kh7 34. Ne4
Nc4 35. Rf3 Qb2 36. Qxb2 Nxb2 37. Rb3 Rc4 38. Nxf6+ exf6 39. Rxb7+ Kg8 40. Rxb2
Rf4 41. g4 Rxg4 42. Rxa6 Rf4 43. Rb7 Rxf5 44. Raa7 Re5 45. Rg7+ Kh8 46. Rh7+ Kg8
47. Raf7 Kh8 48. e7+ 1/2-1/2

[Event "Druzynowe Mistrzostw Polski Juniorow - II Liga"]
[Site "Wroclaw"]
[Date "1899-12-30"]
[Round "9.50"]
[White "Lewandowski, Witold"]
[Black "Cieply, Krzysztof"]
[Result "0-1"]
[WhiteTitle "I"]
[BlackTitle "I"]
[WhiteElo "1547"]
[BlackElo "1763"]

1. e4 c5 2. Nf3 Nc6 3. d4 cxd4 4. Nxd4 Nf6 5. Nc3 d6 6. f3 e5 7. Nb3 Be7 8. Be3
O-O 9. Qd2 Be6 10. O-O-O a5 11. a4 Nb4 12. g4 d5 13. g5 d4 14. gxf6 Bxf6 15. Qg2
Bxb3 16. cxb3 Qc7 17. Bc4 dxc3 18. bxc3 b5 19. axb5 a4 20. cxb4 axb3 21. Bc5 Ra1+
22. Kb2 Ra2+ 23. Kxb3 Rxg2 24. Bxf8 Qa7 25. Ra1 Qe3+ 26. Ka4 Kxf8 27. Rhf1 Rb2
0-1

[Event "Druzynowe Mistrzostw Polski Juniorow - II Liga"]
[Site "Wroclaw"]
[Date "1899-12-30"]
[Round "9.51"]
[White "Staniczek, Kacper"]
[Black "Stanislawski, Karol"]
[Result "0-1"]
[WhiteTitle "II"]
[BlackTitle "I"]
[WhiteElo "1345"]
[BlackElo "1678"]

1. e4 c5 2. Nf3 g6 3. d4 cxd4 4. Nxd4 Bg7 5. Nc3 Nc6 6. Be3 Nf6 7. f3 O-O 8. Qd2
d5 9. O-O-O dxe4 10. Nxc6 Qxd2+ 11. Rxd2 bxc6 12. Nxe4 Nxe4 13. fxe4 Be6 14. b3
a5 15. a4 Rfc8 16. Bc5 Bh6 17. Bxe7 c5 18. Kd1 Bxd2 19. Kxd2 c4 20. b4 axb4 21.
Bxb4 Rxa4 22. c3 Ra1 23. Ke3 Rd8 24. Kf2 Rd2+ 25. Ke3 Rdd1 26. Kf2 Bd7 27. e5
Rac1 28. Rg1 h5 29. h4 Be6 30. Ba5 Kf8 31. Bb4+ Ke8 32. Ba5 Kd7 33. Bb4 Re1 34.
Ba3 Ra1 35. Bb2 Rab1 36. Ba3 Ke8 37. Bb4 Rxe5 38. Bd6 Rb2+ 39. Kg3 Re3+ 40. Kh2
Rh3# 0-1

[Event "Druzynowe Mistrzostw Polski Juniorow - II Liga"]
[Site "Wroclaw"]
[Date "1899-12-30"]
[Round "9.52"]
[White "Gorecki, Michal"]
[Black "Wojs, Alicja"]
[Result "0-1"]
[WhiteTitle "II"]
[BlackTitle "I++"]
[WhiteElo "1311"]
[BlackElo "1566"]

1. e4 e6 2. d4 d5 3. Nd2 a6 4. Ngf3 c5 5. exd5 exd5 6. h3 Nf6 7. Be2 Nc6 8. O-O
c4 9. Re1 Be7 10. Nf1 O-O 11. Bf4 h6 12. Ne5 Re8 13. Nxc6 bxc6 14. Ng3 Qb6 15.
Rb1 c5 16. c3 cxd4 17. cxd4 Bb4 18. Bd2 Bd6 19. Bc3 Bxg3 20. fxg3 Bf5 21. Rc1
Ne4 22. Bf3 Qd6 23. g4 Bg6 24. Bxe4 Bxe4 25. Qd2 Rab8 26. a3 Rb7 27. Qf2 Qg6 28.
Re3 Rb6 29. Rce1 Rf6 30. Rf3 Ree6 31. Rxf6 Rxf6 32. Qd2 Re6 33. Bb4 Kh7 34. Qf2
Rf6 35. Qd2 h5 36. gxh5 Qxh5 37. Qe2 Qh6 38. Bd2 Qh4 39. Rf1 Rg6 40. Rf4 Qxh3
41. Rxe4 dxe4 42. Qxe4 Qg4 43. Qxg4 Rxg4 44. Be3 Kg6 45. Kf2 Kf5 46. Kf3 Rg6 47.
Bf4 Rb6 48. Bc1 Rb3+ 49. Kf2 Ke4 50. g4 Kxd4 51. Ke2 Ke4 52. g5 f5 53. gxf6 gxf6
54. Kd2 f5 55. Kc2 f4 56. Bxf4 Kxf4 57. a4 Ke3 58. a5 Kd4 59. Kc1 c3 60. bxc3+
Kxc3 0-1

[Event "Druzynowe Mistrzostw Polski Juniorow - II Liga"]
[Site "Wroclaw"]
[Date "1899-12-30"]
[Round "9.53"]
[White "Lach, Alicja"]
[Black "Oszutowska, Anna"]
[Result "1/2-1/2"]
[WhiteTitle "I"]
[BlackTitle "I"]
[WhiteElo "1367"]
[BlackElo "1248"]

1. e4 c5 2. Nc3 e6 3. Nf3 Nc6 4. g3 d5 5. exd5 exd5 6. d4 cxd4 7. Nxd4 Bb4 8. Qd3
Nge7 9. Bd2 O-O 10. Bg2 Bxc3 11. Bxc3 f6 12. O-O-O Ne5 13. Qe2 a6 14. f4 Nf7 15.
Bb4 Re8 16. Rhe1 Nd6 17. Ne6 Qd7 18. Nc7 Qxc7 19. Bxd6 Qxd6 20. Bxd5+ Kf8 21.
Bf7 Qxd1+ 22. Qxd1 Kxf7 23. Qh5+ Kf8 24. f5 Bxf5 25. Rxe7 Rxe7 26. Qxf5 Rae8 27.
Qc5 Kf7 28. Qd5+ Kf8 29. Qc5 Kf7 30. Qc4+ Kf8 31. Qc5 1/2-1/2

[Event "Druzynowe Mistrzostw Polski Juniorow - II Liga"]
[Site "Wroclaw"]
[Date "1899-12-30"]
[Round "9.54"]
[White "Lukasik, Aleksandra"]
[Black "Moczala, Maja"]
[Result "0-1"]
[WhiteTitle "II+"]
[BlackTitle "I+"]
[WhiteElo "1127"]
[BlackElo "1375"]

1. e4 c5 2. Nf3 Nc6 3. d4 cxd4 4. Nxd4 Nf6 5. Nc3 d6 6. Bc4 e6 7. Be3 Be7 8. Qe2
a6 9. O-O-O Qc7 10. Bb3 O-O 11. Rhg1 b5 12. f3 Bd7 13. Nxc6 Bxc6 14. g4 b4 15.
Na4 Nd7 16. c3 Bxa4 17. Bxa4 bxc3 18. Bxd7 cxb2+ 19. Kb1 Qxd7 20. e5 d5 21. f4
Rfc8 22. g5 Qa4 23. Rd4 Qc6 24. h4 Bc5 25. Rd3 Bxe3 26. Rxe3 Rab8 27. Qd2 Qa4
28. Rf1 d4 29. Rd3 Qc4 30. Re1 Rb4 31. h5 Qc1+ 32. Rxc1 bxc1=Q# 0-1

[Event "Druzynowe Mistrzostw Polski Juniorow - II Liga"]
[Site "Wroclaw"]
[Date "1899-12-30"]
[Round "9.55"]
[White "Maciaszek, Karol"]
[Black "Kubica, Dominik"]
[Result "1/2-1/2"]
[WhiteTitle "I"]
[BlackTitle "I"]
[WhiteElo "1695"]
[BlackElo "1595"]

1. e4 e6 2. d4 d5 3. Nd2 dxe4 4. Nxe4 Nd7 5. Nf3 Ngf6 6. Nxf6+ Nxf6 7. Bd3 Be7
8. O-O O-O 9. c3 b6 10. Bg5 Bb7 11. Re1 h6 12. Bh4 Rc8 13. Qe2 c5 14. dxc5 Bxc5
15. Rad1 Bxf3 16. Qxf3 Qe7 17. Bb1 Rfd8 18. h3 a5 19. a3 Rxd1 20. Rxd1 Rd8 21.
Rxd8+ Qxd8 22. Qd3 Qxd3 23. Bxd3 Kf8 24. Kf1 Ke7 25. f3 Be3 26. b4 axb4 27. cxb4
Kd6 28. Be1 Nd5 29. a4 Bd4 30. a5 Ne3+ 31. Ke2 Nxg2 32. a6 Nf4+ 33. Kd2 Kc7 34.
Bg3 e5 35. Be4 b5 36. Bxf4 exf4 37. Bd5 f6 38. Kd3 Be3 39. Ke4 g5 40. Kf5 Bd4
41. Kg6 Kb6 42. Bb7 Bc3 43. Kf5 Bxb4 44. Kxf6 Bc5 45. Kg6 b4 46. Kxh6 Be7 47.
Kh5 b3 48. Kg4 b2 49. Be4 Kxa6 50. h4 gxh4 51. Kxf4 Kb5 52. Kg4 Kc4 53. Kh3 Kc3
54. Kg2 Kd2 55. Kh1 Kc1 56. f4 b1=Q 57. Bxb1 Kxb1 58. f5 Bf6 59. Kg2 Kc2 1/2-1/2